000 00723nam a2200253Ia 4500
003 OSt
005 20220925224845.0
006 a|||||r|||| 00| 0
007 ta
008 220923b |||||||| |||| 00| 0 eng d
020 _a0710092040
037 _cGeneral Book
040 _aRTL
_cRTL
_beng
041 _2eng
_aeng
082 _aR5, M4
100 _aAdorno T W
_9291529
245 0 _aA esthetic theory. Tr by C Lenhardt, Ed by Gretel
260 _aLondon
_bRoutledge and Kegan Paul UK
_c1984
300 _ax,526p
_ccm.
500 _aInternational Library of phenomenology and Morl Science
650 _aEsthetics
_9249529
942 _hR5, M4
_cGB
_2CC
999 _c582350
_d582350